Cars Piston Cup Gewinner - Statistiken

Allgemein
  • Dieses Quiz wurde 237 mal gespielt
  • Das Durchschnittsergebnis liegt bei 22 aus 76
Antwortstatistiken
Jahr Racer Number % Korrekt
2006 Lighting McQueen 95
98%
2007 Lightning McQueen 95
98%
2009 Lightning McQueen 95
98%
2010 Lightning McQueen 95
98%
2011 Lightning McQueen 95
98%
2012 Lightning McQueen 95
98%
2015 Lightning McQueen 95
98%
1951 Hudson Hornet 51
79%
1952 Hudson Hornet 51
79%
1953 Hudson Hornet 51
79%
2016 Jackson Storm 2.0
70%
2019 Jackson Storm 2.0
70%
2005 Chick Hicks 86
69%
2017 Cruz Ramirez 51
48%
2018 Cruz Ramirez 51
48%
2021 Cruz Ramirez 51
48%
2013 Cal Weathers 42
42%
1971 Strip Weathers 43
42%
1974 Strip Weathers 43
42%
1975 Strip Weathers 43
42%
1979 Strip Weathers 43
42%
1989 Strip Weathers 43
42%
1997 Strip Weathers 43
42%
2004 Strip Weathers 43
42%
1954 Lee Weathers 42
37%
1950 Jack Ford 62
23%
1959 Jack Ford 62
23%
2008 Winford Bradford Rutherford 64
22%
2014 Bobby Swift 19
16%
1957 Louise Nash 94
15%
1958 Junior Moon 11
13%
1980 Dale Earnhardt 3
12%
1987 Dale Earnhardt 3
12%
1991 Dale Earnhardt 3
12%
1994 Dale Earnhardt 3
12%
2003 Dale Earnhardt Jr. 8
12%
2002 Mac iCar 84
12%
1956 River Scott 34
12%
1981 Darrell Cartrip 17
11%
1982 Darrell Cartrip 17
11%
1985 Darrell Cartrip 17
11%
1990 Klint Shiftright 121
11%
1992 Klint Shiftright 121
11%
1993 Klint Shiftright 121
11%
1976 Kraig Shiftright 122
11%
1977 Kraig Shiftright 122
11%
2023 Ryan Laney 12
10%
1963 Spyder Dangerford 70
10%
1965 Spyder Dangerford 70
10%
1966 Spyder Dangerford 70
10%
1969 Spyder Dangerford 70
10%
2022 Tim Treadless 28
10%
1988 Bill Racelott 9
9%
2020 Chase Racelott 9
9%
1995 Ernie Gearson 93
9%
1961 Lee Cunningham 333
9%
1962 Lee Cunningham 333
9%
1960 Morris Axler 28
9%
1964 Morris Axler 28
9%
2024 Paul Conrev 90
9%
1972 Thomas Tireson 53
9%
1973 Thomas Tireson 53
9%
1983 Don Chapcar 64
8%
1986 Don Chapcar 64
8%
1998 Eugene Carbureski 36
8%
2000 Haul Inngas 79
8%
1955 Leroy Heming 300
8%
1967 Mario Andretti 11
8%
1996 Murray Clutchburn 92
8%
1999 Murray Clutchburn 92
8%
1949 Slide Powers 74
8%
1978 Alloy Wilson 34
7%
1984 Alloy Wilson 34
7%
1970 Bobby Carsac 61
7%
1968 Joseph Anthony Foyt 21
7%
2001 Rusty Cornfuel 4
7%
Keine übereinstimmenden Quizze gefunden
Verteilung der Resultate
Anzahl Personen mit jedem Resultat
Perzentil nach korrekt beantworteten Fragen
Ihre Resultats-Entwicklung
Sie haben dieses Quiz noch nicht gespielt